| 000 | 01758nam a22003977a 4500 | ||
|---|---|---|---|
| 008 | 151127b xxu||||| |||| 00| 0 eng d | ||
| 020 | _a9789871271580 | ||
| 082 |
_a708 _bB268m |
||
| 100 |
_aPablo León de la Barra _94260 |
||
| 245 |
_aMALBA C-32 sucursal _cPablo León de la Barra, Victoria Giraudo [Curadora] |
||
| 260 |
_aArgentina, Buenos Aires _b Fundación Eduardo F. Costantini _c2014 |
||
| 300 |
_a134 p. _bill.(col.) _c22 cm |
||
| 505 |
_tIntroducción _rVictoria Giraudo _tHágalo usted mismo _rGala Berger, Sofia Dourron, Marina Reyes Franco, Santiago Villanueva. _tManual para realizar exposiciones en el trópico _rPablo Leon de la Barra _tCapitulo 1: Unidad de almacenamientos de datos _tCapitulo 2: Exhibiciones _tCapitulo 3:Sucursales e intercambios Residencias 2011-2014 Nuestro negocio es la cooperación. |
||
| 650 |
_aArte Contemporáneo _vExhibición _zMALBA _94261 |
||
| 650 |
_aArte Moderno _vExhibiciones _93827 |
||
| 650 |
_aArte Moderno _vCatálogo de Exhibición _94285 |
||
| 700 |
_aGiraudo, Victoria [Curadora] _94286 |
||
| 700 |
_aBerger, Gala _94287 |
||
| 700 |
_aDourron, Sofía _94288 |
||
| 700 |
_aReyes Franco, Marina _94289 |
||
| 700 |
_aVillanueva, Santiago _94290 |
||
| 700 |
_aFigueroa, Radamés "Juni" _94291 |
||
| 700 |
_aFerrari, Franco _94292 |
||
| 700 |
_aSalem, Felipe _94293 |
||
| 700 |
_aGallisá Muriente, Sofía _94294 |
||
| 700 |
_aLandsberg, Zaq _94295 |
||
| 700 |
_aValdés, Esteban _94296 |
||
| 700 |
_aSinclair, Marcela _94297 |
||
| 700 |
_aPinola, Leonel _94298 |
||
| 700 |
_aReyes Franco, Marina (ed.) _94299 |
||
| 700 |
_aRobbio, Nicolás _94300 |
||
| 700 |
_aMinoliti, Adriana _94301 |
||
| 700 |
_aDivas, Lino _94302 |
||
| 700 |
_aBerchem, Otto _94303 |
||
| 700 |
_aTraba, Marta "Che" _94304 |
||
| 999 |
_c800 _d800 |
||